LEADER 01043nam a2200241 i 4500 001 000000031493 003 CaOOAMICUS 005 20220405144400.0 008 180830s1820 it u000 u ita u 040 $aSeMil$bita 100 1 $aRobertson, William,$d<1721-1793>.$0(OLS)http://semarc/name/89450 245 10$aStoria del Regno dell'Imperatore Carlo Quinto di Guglielmo Robertson. Tomo 1. [-4.]. 260 $aMilano :$bPer Vincenzo Ferrario,$c1820-1821. 300 $a4 v. ;$c8°. 600 04$aCarlo V : d'Asburgo .$0(OLS)http://semarc/subject/5535 700 1 $aFerrario, Vincenzo,$c.$0(OLS)http://semarc/name/7036 774 0 $tTomo 1.$g1$w()258428 774 0 $tTomo 2.$g2$w()258429 774 0 $tTomo 3.$g3$w()258430 774 0 $tTomo 4.$g4$w()258431 996 $6245$aStoria del Regno dell'Imperatore Carlo Quinto di Guglielmo Robertson. Tomo 1. [-4.]$9(OLS)http://semarc/title/402006 996 $6260$aMilano :$bPer Vincenzo Ferrario$9(OLS)http://semarc/publisher/36508 LEADER 00971nam a2200253 i 4500 001 000000065267 003 CaOOAMICUS 005 20140922000000.0 008 140922s1927 it u000 u ita u 013 $a36439 040 $aSeMil$bita 100 1 $aMurari, Rocco.$0(OLS)http://semarc/name/32819 245 10$aRitmica e metrica razionale italiana /$cprof. Rocco Murari. 250 $a4. ed. corretta ed accresciuta. 260 $aMilano :$bUlrico Hoepli,$c1927. 300 $aXV, 227 p. ;$c16 cm. 490 0 $aManuali Hoepli 650 4$aLingua italiana - Metrica.$0(OLS)http://semarc/subject/12726 830 0$aManuali Hoepli.$0(OLS)http://semarc/title/7639 850 $aSeMil 852 $aSeMil$W1$xVenegono$y1$m2ZB I 46 FA$j31420$B31420$CSeMilBibl$Z2$F31423 $8I 961 $aAcquisto: Altro 996 $6245$aRitmica e metrica razionale italiana$9(OLS)http://semarc/title/103557 996 $6260$aMilano :$bUlrico Hoepli$9(OLS)http://semarc/publisher/29765